|
|
|
|
| LEADER |
00949nam a2200241 a 4500 |
| 001 |
4394561 |
| 008 |
920218s1992 maua b 001 0 eng d |
| 010 |
|
|
|a 92007293
|
| 020 |
|
|
|a 0807046191 (pbk.)
|
| 040 |
|
|
|a DLC
|c DLC
|d DLC
|
| 082 |
0 |
0 |
|a 305.4
|2 20
|
| 100 |
1 |
|
|a Martin, Emily.
|
| 245 |
1 |
4 |
|a The woman in the body :
|b a cultural analysis of reproduction /
|c Emily Martin.
|
| 260 |
|
|
|a Boston :
|b Beacon Press,
|c c1992.
|
| 300 |
|
|
|a xx, 276 p. :
|b ill. ;
|c 23 cm.
|
| 504 |
|
|
|a Includes bibliographical references (p. 243-263) and index.
|
| 541 |
1 |
|
|e 00012446
|
| 650 |
|
0 |
|a Women
|x Physiology.
|
| 650 |
|
0 |
|a Women
|x Psychology.
|
| 650 |
|
0 |
|a Women
|x Health and hygiene
|x Sociological aspects.
|
| 852 |
4 |
|
|a Ayesha Abed Library
|j General shelf
|
| 999 |
|
|
|c 7377
|d 7377
|
| 952 |
|
|
|0 0
|1 0
|2 ddc
|4 0
|6 305_400000000000000_MAR
|7 0
|9 7886
|a BRACUL
|b BRACUL
|c GEN
|d 2010-02-09
|l 1
|o 305.4 MAR
|p 3010012446
|r 2011-10-11
|s 2011-10-03
|t 1
|w 2010-02-09
|y BK
|x Price not available in Register
|